Chuyện địa danh và chữ nghĩa Nam bộ
Đã lưu trong:
| Hovedforfatter: | |
|---|---|
| Format: | Bog |
| Udgivet: |
Tp. Hồ Chí Minh
Văn Hóa - Văn Nghệ
2018
|
| Udgivelse: | Tái bản lần thứ nhất |
| Fag: | |
| Tags: |
Tilføj Tag
Ingen Tags, Vær først til at tagge denne postø!
|
| Thư viện lưu trữ: | Trung tâm Học liệu Lê Vũ Hùng, Trường Đại học Đồng Tháp |
|---|
| LEADER | 00772pam a22002298a 4500 | ||
|---|---|---|---|
| 001 | 00041242 | ||
| 005 | 20180409140422.0 | ||
| 008 | 110423s2000 ||||||Viesd | ||
| 020 | # | # | |c 99000 |a 978 604 68 4313 9 |
| 041 | 0 | # | |a Vie |
| 082 | 1 | 4 | |a 959.77 |b CH527Đ |
| 100 | 1 | # | |a Huỳnh, Công Tín |
| 245 | 0 | 0 | |c Huỳnh Công Tín |a Chuyện địa danh và chữ nghĩa Nam bộ |
| 250 | # | # | |a Tái bản lần thứ nhất |b có bổ sung |
| 260 | # | # | |a Tp. Hồ Chí Minh |b Văn Hóa - Văn Nghệ |c 2018 |
| 300 | # | # | |a 432 tr. |c 20 cm. |
| 653 | # | # | |a Nam bộ |
| 653 | # | # | |a Việt Nam |
| 653 | # | # | |a Địa danh |
| 852 | # | # | |j KD.0023405 |
| 910 | |d 09/04/2018 | ||
| 980 | # | # | |a Trung tâm Học liệu Lê Vũ Hùng, Trường Đại học Đồng Tháp |